Công nghệ phần mềm

Đã lưu trong:
Bibliografiske detaljer
Hovedforfatter: Lê Đức Trung
Format: Bog
Udgivet: Khoa học và kỹ thuật 2002
Tags: Tilføj Tag
Ingen Tags, Vær først til at tagge denne postø!
Thư viện lưu trữ: Mạng thư viện Đại học Đà Nẵng
LEADER 00556nam a2200229 a 4500
001 000028614
003 13995
005 20171030145630.0
008 171030s2002
020 |c 35000 
040 |a LTT 
082 0 |a 005,1  |b LÊ-T 
100 1 |a Lê Đức Trung 
245 0 0 |a Công nghệ phần mềm  |c Lê Đức Trung. 
260 |b Khoa học và kỹ thuật  |c 2002 
OWN |a LTT 
999 |a From the UDN01 
TYP |a Monograph 
TYP |a Printed language 
980 |a Mạng thư viện Đại học Đà Nẵng